000
00289nam a2200121Ia 4500
008
190216s9999||||xx |||||||||||||| ||und||
100
_a
Jain P C
245
0
_a
Economic Problems Of India
260
_b
Chaitanya Publishing House
_c
1967
300
_a
606p
650
_a
Economics
942
_c
BK
999
_c
9112
_d
9112